Every 100,000+ City in Pakistan - Statistics

General Stats
  • This quiz has been taken 27 times
    11 since last reset
  • The average score is 28 of 174
Answer Stats
Letter Population City % Correct
F 4,063,910 Faisalabad
86%
H 2,412,067 Hyderabad
86%
I 4,190,377 Islamabad
86%
K 21,065,113 Karachi
86%
L 15,042,166 Lahore
86%
M 2,415,381 Multan
86%
P 2,508,106 Peshawar
86%
Q 1,565,546 Quetta
86%
R 3,611,485 Rawalpindi
86%
G 2,779,033 Gujranwala
71%
S 717,706 Sukkur
71%
A 264,126 Abbottabad
57%
D-G-K 619,091 Dera Ghazi Khan
57%
G 593,247 Gujrat
57%
G 155,673 Gwadar
57%
H 341,084 Hafizabad
57%
J 650,520 Jhang
57%
L 671,966 Larkana
57%
O 604,108 Okara
57%
R-Y-K 807,050 Rahim Yar Khan
57%
S 1,094,066 Sargodha
57%
S 1,105,053 Sialkot
57%
B 1,082,984 Bahawalpur
43%
D-I-K 473,092 Dera Ismail Khan
43%
J 364,973 Jhelum
43%
K 550,875 Kasur
43%
N 406,518 Nawabshah
43%
S 563,344 Sahiwal
43%
S 709,046 Sheikhupura
43%
W 591,256 Wah
43%
B 188,407 Bannu
29%
C 229,972 Chakwal
29%
G 239,566 Gilgit
29%
K 255,178 Khairpur
29%
K 168,905 Khushāb
29%
K 270,055 Kohat
29%
M 211,278 Mansehra
29%
M 441,260 Mardān
29%
M-K 336,841 Mīrpur Khās
29%
T 276,093 Turbat
29%
W 166,063 Wazirabad
29%
A 242,990 Attock
14%
B 272,075 Bahawalnagar
14%
B 418,866 Burewala
14%
C 174,848 Chaman
14%
C 127,170 Chārsadda
14%
C-N 109,522 Chenab Nagar
14%
C 378,165 Chiniot
14%
D 201,017 Dadu
14%
D 266,131 Daska
14%
H 141,973 Harīpur
14%
J 219,315 Jacobabad
14%
J 104,451 Jand
14%
J 143,128 Jauharabad
14%
K 166,617 Kamalia
14%
K 331,890 Khanewal
14%
K 304,288 Khanpur
14%
K 130,036 Kharian
14%
K 218,391 Khuzdar
14%
L 212,542 Layyah
14%
L 180,550 Lodhrān
14%
M-B 261,250 Mandi Bahauddin
14%
M 134,192 Mianwali
14%
M 361,112 Mingora
14%
M 142,685 Moro
14%
M 320,905 Muzaffargarh
14%
N 150,692 Narowal
14%
N 164,956 Nowshera
14%
P 161,040 Panjgur
14%
P 102,717 Pasrūr
14%
P-M 177,011 Pir Mahal
14%
Q 112,313 Qambar
14%
S 402,019 Sadiqabad
14%
S 101,140 Sanghar
14%
S 106,065 Shahkot
14%
S-G 126,742 Shakar Garh
14%
S 238,011 Shikarpur
14%
S 156,496 Swabi
14%
T 116,772 Talagang
14%
U 148,890 Umarkot
14%
V 230,288 Vehari
14%
A-E 166,618 Ahmedpur East
0%
A-C 100,440 Alipur Chatha
0%
A 102,014 Allahabad
0%
A 157,063 Ārifwāla
0%
B 117,455 Badin
0%
B 115,045 Barikot
0%
B 144,195 Bhakkar
0%
B 137,482 Bhalwal
0%
C 112,191 Chichawatni
0%
C 216,010 Chishtian
0%
C 101,895 Chitrāl
0%
C-A 134,505 Chowk Azam
0%
C 103,607 Chunian
0%
D 103,884 Daharki
0%
D-K 102,358 Darya Khan
0%
D 172,759 Depalpur
0%
D-A-Y 100,049 Dera Allah Yar
0%
D-M-J 106,952 Dera Murad Jamali
0%
D 102,498 Dina
0%
F 121,717 Farooqabad
0%
F 105,218 Fatehpur
0%
F 402,104 Ferozewala
0%
F-A 121,072 Fort Abbas
0%
G 123,879 Ghotki
0%
G 284,349 Gojra
0%
G-K 103,284 Gujar Khan
0%
G 101,004 Gunjial
0%
H 149,679 Haroonabad
0%
H 168,146 Hasilpur
0%
H-A 126,808 Hassan Abdal
0%
H-L 122,389 Haveli Lakha
0%
H 250,048 Hub
0%
J-J 146,743 Jalalpur Jattan
0%
J 170,246 Jampur
0%
J 130,350 Jamshoro
0%
J 170,872 Jaranwala
0%
K 104,575 Kabirwala
0%
K 313,703 Kāmoke
0%
K-K 107,731 Kamra Kalan
0%
K 104,698 Kandhkot
0%
K 104,035 Kharan
0%
K 111,083 Khurrianwala
0%
K-A-M 162,030 Kot Abdul Malik
0%
K-A 142,161 Kot Addu
0%
K 102,193 Kotli
0%
K-R-K 102,057 Kot Radha Kishan
0%
K 139,615 Kotri
0%
K 107,052 Kuchlak
0%
L-M 118,357 Lakki Marwat
0%
L 112,036 Lalamusa
0%
L 110,073 Loralai
0%
M 125,431 Mailsi
0%
M 101,039 Mananwala
0%
M 100,134 Mehar
0%
M 105,474 Mehrabpur
0%
M-C 158,183 Mian Channu
0%
M 108,359 Mithi
0%
M 254,291 Muridke
0%
M 232,944 Muzaffarabad
0%
N-F 109,026 Naushahro Feroze
0%
N-M-C 162,797 New Mirpur City
0%
N 135,511 Noshki
0%
P 241,282 Pākpattan
0%
P-A 111,050 Pano Aqil
0%
P 122,335 Pattoki
0%
P-N 114,530 Phool Nagar
0%
P 105,563 Piplan
0%
P 107,646 Pishin
0%
R 151,007 Raiwind
0%
R 142,380 Rajanpur
0%
R-K 100,054 Renala Khurd
0%
R 140,021 Rohri
0%
S 103,370 Sakrand
0%
S 130,578 Sambrial
0%
S 186,371 Samundri
0%
S-H 103,709 Sangla Hill
0%
S-A 119,915 Sarai Alamgir
0%
S 106,665 Sehwān
0%
S 102,340 Shabqadar
0%
S 120,687 Shahdādkot
0%
S 153,342 Shāhdādpur
0%
S 100,003 Shorkot
0%
S 151,115 Shujaabād
0%
S 192,013 Skardu
0%
T-W 103,386 Tandlian Wala
0%
T-A 185,291 Tando Ādam
0%
T-A 171,185 Tando Allahyar
0%
T-M-K 114,406 Tando Muhammad Khan
0%
T 185,704 Taunsa
0%
T 136,906 Taxila
0%
T 130,044 Thatta
0%
T 133,160 Timergara
0%
T-T-S 110,290 Toba Tek Singh
0%
No matching quizzes found
Score Distribution
Percent of People with Each Score
Percentile by Number Answered
Your Score History
You have not taken this quiz since the last reset